000
00308nam a22001337a 4500
008
211012b ||||| |||| 00| 0 eng d
041
_a
eng
080
_a
159.9
082
_a
159.9
100
_a
48
101
_a
PSI
245
_a
Skill Streaming the elementary school child
_c
Ginnis,E.M
942
_2
udc
_c
BK
999
_c
58164
_d
58164